জীবন ও মরণ : (Record no. 41509)
[ view plain ]
| 000 -LEADER | |
|---|---|
| fixed length control field | 00870nam a22002297a 4500 |
| 001 - CONTROL NUMBER | |
| control field | 41509 |
| 003 - CONTROL NUMBER IDENTIFIER | |
| rucl marc code | BD-RjUL |
| 005 - DATE AND TIME OF LATEST TRANSACTION | |
| control field | 20211209053413.0 |
| 008 - FIXED-LENGTH DATA ELEMENTS--GENERAL INFORMATION | |
| fixed length control field | 160531s1943 ii a|||| |||| 00| 0 ben d |
| 020 ## - INTERNATIONAL STANDARD BOOK NUMBER | |
| Terms of availability | : IRs 5.00 |
| 035 ## - SYSTEM CONTROL NUMBER | |
| System control number | (BD-RjUL)41627 |
| 040 ## - CATALOGING SOURCE | |
| Original cataloging agency | BD-RjUL |
| Language of cataloging | ben |
| Transcribing agency | BD-RjUL |
| 041 ## - LANGUAGE CODE | |
| Language code of text/sound track or separate title | ben |
| 082 ## - DEWEY DECIMAL CLASSIFICATION NUMBER | |
| Edition number | 23 |
| Classification number | 294.5 |
| Author mark and year | GHJ 1943 |
| 100 ## - MAIN ENTRY--PERSONAL NAME | |
| Personal name | ঘোষ, ক্ষিতিনাথ |
| 9 (RLIN) | 127569 |
| 245 10 - TITLE STATEMENT | |
| Title | জীবন ও মরণ : |
| Remainder of title | ব্রহ্মবিদ্যাবিষয়ক গ্রন্থ / |
| Statement of responsibility, etc. | ক্ষিতিনাথ ঘোষ |
| 260 ## - PUBLICATION, DISTRIBUTION, ETC. (IMPRINT) | |
| Place of publication, distribution, etc. | কলিকাতা ঃ |
| Name of publisher, distributor, etc. | কমলা বুক ডিপো, |
| Date of publication, distribution, etc. | ১৯৪৩ |
| 300 ## - PHYSICAL DESCRIPTION | |
| Pagination | [৪০], ২৯৫ পৃ. : |
| Illustrations | চিত্র ; |
| Size | ২২ সেমি. |
| 650 ## - SUBJECT ADDED ENTRY--TOPICAL TERM | |
| Topical term or geographic name as entry element | হিন্দুত্ত্ববাদ |
| 9 (RLIN) | 127570 |
| Topical term or geographic name as entry element | Hinduism |
| 9 (RLIN) | 127571 |
| 942 ## - ADDED ENTRY ELEMENTS (KOHA) | |
| Source of classification or shelving scheme | Dewey Decimal Classification |
| Koha item type | Books |
| Lost status | Source of classification or shelving scheme | Damaged status | Not for loan | Collection code | Permanent Location | Current Location | Shelving location | Date acquired | Source of acquisition | Cost, normal purchase price | Total Checkouts | Full call number | Date last seen | Copy number | Koha item type |
|---|---|---|---|---|---|---|---|---|---|---|---|---|---|---|---|
| Dewey Decimal Classification | Non-fiction | Central Library, University of Rajshahi | Central Library, University of Rajshahi | 12/02/1958 | Kamala Book | 5.00 | B 294.5 GHJ 1943 | 31/05/2016 | C-2 | Books |